Sợi nắng Thơ
vv
Đã lưu trong:
| Tác giả chính: | |
|---|---|
| Định dạng: | Sách |
| Năm xuất bản: |
Tp.Hồ Chí Minh
[Knxb]
1999
|
| Chủ đề: | |
| Tags: |
Thêm thẻ
Không có thẻ, Hãy là người đầu tiên gắn thẻ bản ghi này!
|
| LEADER | 00723nam a2200193 4500 | ||
|---|---|---|---|
| 082 | |a 895.922134 |b L566H | ||
| 100 | |a Lưu Hoài | ||
| 245 | |a Sợi nắng |c Lưu Hoài |b Thơ | ||
| 260 | |a Tp.Hồ Chí Minh |b [Knxb] |c 1999 | ||
| 300 | |a 87tr. |c 19cm | ||
| 520 | |a vv | ||
| 653 | |a Văn học hiện đại | ||
| 653 | |a Thế kỷ 20 | ||
| 653 | |a Việt Nam | ||
| 653 | |a Thơ | ||
| 942 | |2 ddc |c STK0 | ||
| 999 | |c 3857 |d 3857 | ||
| 952 | |0 0 |1 0 |2 ddc |4 0 |6 895_922134000000000_L566H |7 1 |8 800 |9 39125 |a qbu |b qbu |c D5 |d 2014-12-17 |g 12000 |o 895.922134 L566H |p 3867.C1 |r 0000-00-00 |w 2014-12-17 |y STK0 | ||
| 952 | |0 0 |1 0 |2 ddc |4 0 |6 895_922134000000000_L566H |7 0 |8 800 |9 39126 |a qbu |b qbu |c D5 |d 2014-12-17 |g 12000 |o 895.922134 L566H |p 3867.C2 |r 0000-00-00 |w 2014-12-17 |y STK0 | ||